000 00503nam a2200157Ia 4500
008 210716s2006 xx 000 0 und d
020 _a1591841240
041 _aeng
082 _a659.1 LANS
100 _aLance, Steve;Woll, Jeff.
245 _aThe little blue book of advertising: fifty two small ideas that can make a big difference.
_bFifty two small ideas that can make a big difference
250 _a1
260 _aNew York
_bPenguin Books
_c2006
300 _axvii,270
650 _aAdvertising
999 _c203110
_d203110